<?xml version="1.0" encoding="UTF-8"?>
<record
    xmlns:xsi="http://www.w3.org/2001/XMLSchema-instance"
    xsi:schemaLocation="http://www.loc.gov/MARC21/slim http://www.loc.gov/standards/marcxml/schema/MARC21slim.xsd"
    xmlns="http://www.loc.gov/MARC21/slim">

  <leader>00852    a2200229   4500</leader>
  <controlfield tag="003">UA-OsUOA</controlfield>
  <controlfield tag="005">20260430142651.0</controlfield>
  <controlfield tag="008">260430b        un ||||| |||| 00| 0 ukr d</controlfield>
  <datafield tag="022" ind1=" " ind2=" ">
    <subfield code="a">04916204</subfield>
  </datafield>
  <datafield tag="040" ind1=" " ind2=" ">
    <subfield code="a">UA-OsUOA</subfield>
    <subfield code="b">ukr</subfield>
    <subfield code="c">UA-OsUOA</subfield>
    <subfield code="d">UA-OsUOA</subfield>
  </datafield>
  <datafield tag="041" ind1=" " ind2=" ">
    <subfield code="a">ukr</subfield>
  </datafield>
  <datafield tag="080" ind1=" " ind2=" ">
    <subfield code="a">050</subfield>
  </datafield>
  <datafield tag="090" ind1=" " ind2=" ">
    <subfield code="a">050</subfield>
    <subfield code="b">&#x421;90</subfield>
  </datafield>
  <datafield tag="245" ind1=" " ind2=" ">
    <subfield code="a">&#x421;&#x443;&#x440;&#x43C;&#x430;&#x447;</subfield>
    <subfield code="b">&#x436;&#x443;&#x440;&#x43D;&#x430;&#x43B; &#x41E;&#x431;'&#x454;&#x434;&#x43D;&#x430;&#x43D;&#x43D;&#x44F; &#x431;&#x443;&#x432;&#x448;&#x438;&#x445; &#x412;&#x43E;&#x44F;&#x43A;&#x456;&#x432; &#x423;&#x43A;&#x440;&#x430;&#x457;&#x43D;&#x446;&#x456;&#x432; &#x443; &#x412;&#x435;&#x43B;&#x438;&#x43A;&#x456;&#x439; &#x411;&#x440;&#x438;&#x442;&#x430;&#x43D;&#x456;&#x457;</subfield>
    <subfield code="n">&#x447;. 1-4</subfield>
  </datafield>
  <datafield tag="260" ind1=" " ind2=" ">
    <subfield code="b">&#x423;&#x43A;&#x440;&#x430;&#x457;&#x43D;&#x441;&#x44C;&#x43A;&#x430; &#x412;&#x438;&#x434;&#x430;&#x432;&#x43D;&#x438;&#x447;&#x430; &#x421;&#x43F;&#x456;&#x43B;&#x43A;&#x430;</subfield>
    <subfield code="c">1993</subfield>
    <subfield code="a">&#x41B;&#x43E;&#x43D;&#x434;&#x43E;&#x43D;</subfield>
  </datafield>
  <datafield tag="300" ind1=" " ind2=" ">
    <subfield code="a">96 &#x441;.</subfield>
  </datafield>
  <datafield tag="520" ind1=" " ind2=" ">
    <subfield code="a">&#x420;&#x456;&#x43A; 35 1993 &#x447;. 1-4 (114-117)</subfield>
  </datafield>
  <datafield tag="650" ind1=" " ind2=" ">
    <subfield code="2">UDC</subfield>
    <subfield code="a">050 &#x421;&#x435;&#x440;&#x456;&#x430;&#x43B;&#x44C;&#x43D;&#x456; &#x432;&#x438;&#x434;&#x430;&#x43D;&#x43D;&#x44F;. &#x41F;&#x435;&#x440;&#x456;&#x43E;&#x434;&#x438;&#x43A;&#x430;</subfield>
    <subfield code="9">3723</subfield>
  </datafield>
  <datafield tag="942" ind1=" " ind2=" ">
    <subfield code="c">MG</subfield>
    <subfield code="2">udc</subfield>
  </datafield>
  <datafield tag="955" ind1=" " ind2=" ">
    <subfield code="a">4</subfield>
  </datafield>
  <datafield tag="999" ind1=" " ind2=" ">
    <subfield code="c">580629</subfield>
    <subfield code="d">580629</subfield>
  </datafield>
  <datafield tag="952" ind1=" " ind2=" ">
    <subfield code="0">0</subfield>
    <subfield code="1">0</subfield>
    <subfield code="2">udc</subfield>
    <subfield code="4">0</subfield>
    <subfield code="7">0</subfield>
    <subfield code="8">C_SOKOLYK_BRYZHUN</subfield>
    <subfield code="a">300</subfield>
    <subfield code="b">300</subfield>
    <subfield code="d">2026-04-30</subfield>
    <subfield code="e">&#x2116;12/29.04.2026 (&#x406;&#x414;&#x423;&#x414;)</subfield>
    <subfield code="g">1.00</subfield>
    <subfield code="i">300856</subfield>
    <subfield code="l">0</subfield>
    <subfield code="o">050 &#x421;90</subfield>
    <subfield code="p">300856</subfield>
    <subfield code="r">2026-04-30 14:29:14</subfield>
    <subfield code="v">1.00</subfield>
    <subfield code="w">2026-04-30</subfield>
    <subfield code="y">MG</subfield>
    <subfield code="z">&#x41E;&#x442;&#x440;&#x438;&#x43C;&#x430;&#x43D;&#x43E; &#x432; &#x434;&#x430;&#x440; &#x432;&#x456;&#x434; &#x41E;&#x43A;&#x441;&#x430;&#x43D;&#x438; &#x411;&#x440;&#x438;&#x437;&#x433;&#x443;&#x43D;-&#x421;&#x43E;&#x43A;&#x43E;&#x43B;&#x438;&#x43A; ; &#x43C;&#x456;&#x441;&#x442;&#x438;&#x442;&#x44C; &#x435;&#x43A;&#x441;&#x43B;&#x456;&#x431;&#x440;&#x438;&#x441; "&#x421;&#x43E;&#x43A;&#x43E;&#x43B;&#x438;&#x43A;&#x456;&#x432;"</subfield>
  </datafield>
</record>
